Enfermedades infecciosas, higiene y bacteriología / (Record no. 162810)

MARC details
000 -LEADER
campo de control de longitud fija 00830nam a2200217 i 4500
001 - NÚMERO DE CONTROL
campo de control 162810
003 - IDENTIFICADOR DE NÚMERO DE CONTROL
campo de control ES-MaACL
005 - FECHA Y HORA DE LA ÚLTIMA TRANSACCIÓN
campo de control 20250721200222.0
008 - DATOS DE LONGITUD FIJA--INFORMACIÓN GENERAL
campo de control de longitud fija 931025s1911 sp |||| | spa d
100 1# - ENTRADA PRINCIPAL--NOMBRE DE PERSONA
Nombre de persona Jaksch, Rudolf von.
9 (RLIN) 162479
245 10 - MENCIÓN DEL TÍTULO
Título Enfermedades infecciosas, higiene y bacteriología /
Mención de responsabilidad, etc. por los profesores R. V. Jaksch y C. Fraenkel ; traducido por Rafael Segarra.
260 ## - PUBLICACIÓN, DISTRIBUCIÓN, ETC.
Lugar de publicación, distribución, etc. Madrid :
Nombre del editor, distribuidor, etc. Saturnino Calleja Fernández,
Fecha de publicación, distribución, etc. 1911.
300 ## - DESCRIPCIÓN FÍSICA
Extensión 115 p. ;
Dimensiones 24 cm.
490 1# - MENCIÓN DE SERIE
Mención de serie Anuario de ciencias médicas. Primera serie ;
Designación de volumen o secuencia 10
650 07 - PUNTO DE ACCESO ADICIONAL DE MATERIA--TÉRMINO DE MATERIA
Término de materia o nombre geográfico como elemento de entrada Enfermedades infecciosas
Fuente del encabezamiento o término embne
9 (RLIN) 135986
700 1# - ENTRADA AGREGADA--NOMBRE PERSONAL
Nombre de persona Fraenkel, C.
9 (RLIN) 162480
700 0# - ENTRADA AGREGADA--NOMBRE PERSONAL
Nombre de persona Segarra Llorens, Rafael.
9 (RLIN) 105125
830 0# - PUNTO DE ACCESO ADICIONAL DE SERIE-TÍTULO UNIFORME
Título uniforme Anuario de ciencias médicas. Primera serie ;
Designación de volumen o secuencia 10
9 (RLIN) 182797
852 ## - LOCALIZACIÓN
Ubicación ES-MaACL
Número de control de estantería B-11076
Holdings
Estatus retirado Estado de pérdida Estado de daño No para préstamo Biblioteca de origen Biblioteca actual Ubicación en estantería Fecha de adquisición Fuente de adquisición Total de préstamos Signatura topográfica completa Código de barras Visto por última vez Precio de reemplazo Tipo de ítem Koha
        Biblioteca del Ateneo de Madrid Biblioteca del Ateneo de Madrid Sala Pardo Bazán 27/04/2017     B-11076 1197474 23/02/2023 23/02/2023 Libro impreso